Statistics for Southernmost Countries of the World

Click here to take the quiz!

General Stats

  • This quiz has been taken 105,835 times
  • The average score is 15 of 20

Answer Stats

° South Country % Correct
54°47'Australia
99%
52°37'New Zealand
98%
56°30'Chile
97%
46°59'South Africa
97%
55°04'Argentina
97%
35°02'Uruguay
82%
33°45'Brazil
82%
25°37'Madagascar
78%
27°36'Paraguay
78%
30°40'Lesotho
77%
28°58'Namibia
73%
22°25'Zimbabwe
72%
27°19'Eswatini
71%
26°54'Botswana
69%
26°52'Mozambique
68%
22°54'Bolivia
67%
21°02'Fiji
67%
22°21'Tonga
54%
20°15'Vanuatu
52%
20°32'Mauritius
43%

Score Distribution

Percentile by Number Answered

Percent of People with Each Score

Your Score History

You have not taken this quiz